[Event "Oberliga Ost-A 2324"]
[Site "Germany"]
[Date "2023.10.22"]
[Round "1.5"]
[White "Schubert, Ralf"]
[Black "Morgenstern, Tobias"]
[Result "1-0"]
[WhiteElo "2082"]
[BlackElo "1886"]
[PlyCount "57"]
[EventDate "2023.10.22"]
[EventType "team-tourn"]
[EventRounds "11"]
[EventCountry "GER"]
[SourceTitle "EXT 2025"]
[Source "ChessBase"]
[SourceDate "2024.10.14"]
[SourceVersion "1"]
[SourceVersionDate "2024.10.14"]
[SourceQuality "1"]
[WhiteTeam "Dessau"]
[BlackTeam "Magdeburg Aufbau Elbe II"]
[WhiteTeamCountry "GER"]
[BlackTeamCountry "GER"]

1. d4 Nf6 2. c4 c5 3. d5 b5 4. cxb5 a6 5. bxa6 Bxa6 6. Nc3 d6 7. e4 Bxf1 8. Kxf1 g6 9. g3 Bg7 10. Kg2 0-0 11. Nge2 Qb6 12. Qc2 Na6 13. Bf4 Nd7 14. a4 c4 15. Nb5 Rfc8 16. Be3 Nb4 17. Qd1 Qa5 18. Ned4 Nc5 19. Bd2 Bxd4 20. Nxd4 Qb6 21. a5 Qb7 22. Bxb4 Qxb4 23. Nc6 Qxb2 24. Nxe7+ Kf8 25. Nxc8 Nd3 26. Qf3 Rxc8 27. a6 Qd4 28. a7 Ra8 29. Qe3 1-0

[Event "GER-chT U16"]
[Site "Kiel"]
[Date "2022.07.24"]
[Round "4.4"]
[White "Andrade, Ruben"]
[Black "Morgenstern, Tobias"]
[Result "0-1"]
[WhiteElo "1614"]
[BlackElo "1901"]
[PlyCount "86"]
[EventDate "2022.07.22"]
[EventType "team-swiss"]
[EventRounds "7"]
[EventCountry "GER"]
[SourceTitle "CBM 209 Extra"]
[Source "ChessBase"]
[SourceDate "2022.09.30"]
[SourceVersion "1"]
[SourceVersionDate "2022.09.30"]
[SourceQuality "1"]
[WhiteTeam "Tegernsee"]
[BlackTeam "Magdeburg Schachzwerge"]
[WhiteTeamCountry "GER"]
[BlackTeamCountry "GER"]

1. e4 e5 2. Nf3 Nc6 3. Bc4 Bc5 4. c3 Nf6 5. d3 a6 6. Bb3 Ba7 7. Nbd2 d6 8. h3 h6 9. Nf1 Be6 10. Qe2 Qd7 11. Bc2 0-0-0 12. b4 d5 13. a4 Qd6 14. b5 Na5 15. Ng3 dxe4 16. Nxe4 Nxe4 17. Qxe4 Bd5 18. Qg4+ Kb8 19. 0-0 g6 20. Ba3 f5 21. Qb4 c5 22. bxc6 Qxb4 23. cxb4 Nxc6 24. b5 Bxf3 25. bxc6 Bxc6 26. a5 Rhe8 27. Rab1 e4 28. dxe4 fxe4 29. Bc1 g5 30. Be3 Bxe3 31. fxe3 Rd2 32. Bb3 Re2 33. Rf6 Ka7 34. Rxh6 Rxe3 35. Rh7 Re2 36. Bc4 Rd2 37. Rb6 Rd7 38. Rh6 e3 39. Be2 Rd2 40. Bf3 Bxf3 41. gxf3 e2 42. Rhe6 e1Q+ 43. Rxe1 Rxe1# 0-1

[Event "Sachsen-Anhalt-ch op"]
[Site "Magdeburg"]
[Date "2021.10.31"]
[Round "7"]
[White "Haubold, Christian Lucas"]
[Black "Morgenstern, Tobias"]
[Result "1/2-1/2"]
[WhiteElo "1638"]
[BlackElo "1959"]
[PlyCount "94"]
[EventDate "2021.10.28"]
[EventType "swiss"]
[EventRounds "7"]
[EventCountry "GER"]
[SourceTitle "CBM 205 Extra"]
[Source "ChessBase"]
[SourceDate "2022.01.31"]
[SourceVersion "1"]
[SourceVersionDate "2022.01.31"]
[SourceQuality "1"]

1. e4 c5 2. Nf3 e6 3. d4 cxd4 4. Nxd4 Nf6 5. Nc3 Bb4 6. e5 Ne4 7. Qg4 Nxc3 8. Qxg7 Rf8 9. a3 Nb5+ 10. axb4 Nxd4 11. Bg5 Qb6 12. Bh6 Qxb4+ 13. c3 Nf5 14. cxb4 Nxg7 15. Bxg7 Rg8 16. Bf6 d5 17. exd6 Kd7 18. Bd4 Kxd6 19. Bxa7 b6 20. Ra3 Bb7 21. Bxb6 Rxa3 22. bxa3 Bxg2 23. Bxg2 Rxg2 24. Kf1 Rg8 25. Rg1 Rc8 26. Bc5+ Ke5 27. Rg7 Nd7 28. Rxh7 Nxc5 29. bxc5 f5 30. Rh3 Rxc5 31. Re3+ Kf6 32. a4 Ra5 33. Ra3 e5 34. Ke2 e4 35. Kd2 f4 36. h3 Rh5 37. Ke2 e3 38. fxe3 Rxh3 39. Ra1 Rxe3+ 40. Kf2 Re6 41. Kf3 Kf5 42. a5 Ra6 43. Ra3 Ke5 44. Ra4 Kd5 45. Kxf4 Kc5 46. Ke5 Kb5 47. Ra1 Rxa5 1/2-1/2

[Event "GER-chT U16"]
[Site "Willingen"]
[Date "2021.06.26"]
[Round "6.1"]
[White "Morgenstern, Tobias"]
[Black "Frank, Marek"]
[Result "1-0"]
[WhiteElo "1971"]
[BlackElo "1439"]
[PlyCount "111"]
[EventDate "2021.06.23"]
[EventType "team-swiss"]
[EventRounds "7"]
[EventCountry "GER"]
[SourceTitle "CBM 203 Extra"]
[Source "ChessBase"]
[SourceDate "2021.09.30"]
[SourceVersion "1"]
[SourceVersionDate "2021.09.30"]
[SourceQuality "1"]
[WhiteTeam "Magdeburg Schachzwerge"]
[BlackTeam "Gera"]
[WhiteTeamCountry "GER"]
[BlackTeamCountry "GER"]

1. e4 c5 2. Nf3 d6 3. d4 cxd4 4. Nxd4 Nf6 5. Nc3 a6 6. Rg1 e5 7. Nb3 h5 8. Bg5 Be7 9. Qd2 Be6 10. 0-0-0 Nbd7 11. f4 Qb6 12. Be2 exf4 13. Qxf4 Bxb3 14. axb3 Qa5 15. Bc4 Qe5 16. Qd2 b5 17. Bf4 Qc5 18. Be3 Qc7 19. Nd5 Nxd5 20. Qxd5 0-0 21. Bd3 Ne5 22. Bf4 Bf6 23. h3 Qc5 24. g4 Qxd5 25. exd5 hxg4 26. hxg4 Nxd3+ 27. Rxd3 Be5 28. Bxe5 dxe5 29. Re3 f6 30. c4 Rfd8 31. g5 Kf7 32. Rf1 Ke7 33. Kd2 Rab8 34. Kc3 Rbc8 35. Kd3 a5 36. gxf6+ gxf6 37. Ref3 Rd6 38. Rh3 Rf8 39. Ra1 bxc4+ 40. bxc4 Rb6 41. Rh7+ Rf7 42. Rxf7+ Kxf7 43. Kc3 Ra6 44. c5 Ke7 45. Kc4 Ra8 46. b4 a4 47. b5 Rh8 48. Rxa4 Rh4+ 49. Kb3 Rxa4 50. Kxa4 e4 51. Kb4 f5 52. Kc3 f4 53. Kd2 f3 54. Ke3 Kd7 55. b6 Kc8 56. c6 1-0

[Event "GER-chT U16"]
[Site "Willingen"]
[Date "2021.06.24"]
[Round "2.2"]
[White "Ellert, Oliver"]
[Black "Morgenstern, Tobias"]
[Result "0-1"]
[WhiteElo "1686"]
[BlackElo "1971"]
[PlyCount "68"]
[EventDate "2021.06.23"]
[EventType "team-swiss"]
[EventRounds "7"]
[EventCountry "GER"]
[SourceTitle "CBM 203 Extra"]
[Source "ChessBase"]
[SourceDate "2021.09.30"]
[SourceVersion "1"]
[SourceVersionDate "2021.09.30"]
[SourceQuality "1"]
[WhiteTeam "Berlin Empor"]
[BlackTeam "Magdeburg Schachzwerge"]
[WhiteTeamCountry "GER"]
[BlackTeamCountry "GER"]

1. d4 Nf6 2. Bf4 g6 3. h3 Bg7 4. e3 c5 5. c3 b6 6. Nf3 Bb7 7. Nbd2 0-0 8. Bd3 d5 9. 0-0 Nc6 10. Ne5 Nd7 11. Nxd7 Qxd7 12. dxc5 bxc5 13. Nb3 e5 14. Bh2 Qe7 15. Nd2 Rad8 16. Qc2 f5 17. Rfe1 Kh8 18. Rad1 e4 19. Bf1 g5 20. a3 Ne5 21. Nb3 g4 22. h4 Qxh4 23. Bxe5 Bxe5 24. g3 Qe7 25. Rd2 h5 26. Be2 h4 27. Kg2 hxg3 28. Rh1+ Kg7 29. fxg3 Qg5 30. Nxc5 Bc8 31. Kf1 Qxe3 32. Nb3 Rh8 33. Rg1 Bxg3 34. Bb5 Qe1+ 0-1

[Event "GER-chT School WK 3"]
[Site "Playchess.com INT"]
[Date "2020.06.15"]
[Round "5.1"]
[White "Peskova, Paul"]
[Black "Morgenstern, Tobias"]
[Result "1-0"]
[WhiteElo "1620"]
[BlackElo "1625"]
[PlyCount "119"]
[EventDate "2020.06.15"]
[EventType "team-swiss (blitz)"]
[EventRounds "5"]
[EventCountry "GER"]
[SourceTitle "EXT 2021"]
[Source "ChessBase"]
[SourceDate "2020.10.23"]
[SourceVersion "1"]
[SourceVersionDate "2020.10.23"]
[SourceQuality "1"]
[WhiteTeam "Jena Carl Zeiss Gymn"]
[BlackTeam "Magdeburg Siemens Gymn"]
[WhiteTeamCountry "GER"]
[BlackTeamCountry "GER"]

1. d4 Nf6 2. c4 d6 3. Nc3 g6 4. e4 Bg7 5. Nf3 0-0 6. Be2 Nbd7 7. 0-0 e5 8. d5 a5 9. Bg5 Nc5 10. Qc2 c6 11. dxc6 bxc6 12. Rad1 Be6 13. Nxe5 Qc7 14. Bxf6 Bxf6 15. Nd3 Nd7 16. Nf4 Ne5 17. Nxe6 fxe6 18. Rd2 c5 19. Rfd1 Nc6 20. Rxd6 Nd4 21. R6xd4 cxd4 22. Nb5 Qc5 23. Bf3 e5 24. Bg4 Rab8 25. Be6+ Kg7 26. a4 Rfe8 27. Bd5 Re7 28. b3 h5 29. Qd2 Qb6 30. Qd3 Qc5 31. Qg3 Qb4 32. h3 Rd7 33. Qd3 Qc5 34. Qe2 Re7 35. Rd3 h4 36. Qg4 Qb4 37. Qe2 Qc5 38. Kf1 Qb4 39. Qd2 Qxd2 40. Rxd2 Bg5 41. Rd1 Rf8 42. f3 Be3 43. Ke2 Kf6 44. Na3 Rb8 45. Rb1 Bh6 46. Nb5 Bf8 47. c5 Ree8 48. c6 Bb4 49. Nc7 Rec8 50. Na6 Rb6 51. Nxb4 Rxb4 52. Rc1 Rb6 53. c7 Ke7 54. Rc5 Ra6 55. Bb7 Rb6 56. Bxc8 Rxb3 57. Ba6 Rb2+ 58. Kf1 Rb1+ 59. Kf2 Rb2+ 60. Kg1 1-0

[Event "GER-ch Net blitz qual5"]
[Site "Playchess.com INT"]
[Date "2020.03.28"]
[Round "5"]
[White "Hoolt, Sarah"]
[Black "Morgenstern, Tobias"]
[Result "1-0"]
[WhiteElo "2334"]
[BlackElo "1971"]
[PlyCount "35"]
[EventDate "2020.03.28"]
[EventType "swiss (blitz)"]
[EventRounds "13"]
[EventCountry "GER"]
[SourceTitle "CBM 195 Extra"]
[Source "ChessBase"]
[SourceDate "2020.05.31"]
[SourceVersion "1"]
[SourceVersionDate "2020.05.31"]
[SourceQuality "1"]

1. e4 e5 2. Nf3 Nc6 3. Bb5 a6 4. Bxc6 dxc6 5. d3 Bd6 6. Nbd2 Ne7 7. 0-0 Ng6 8. Nc4 Bg4 9. h3 h5 10. hxg4 hxg4 11. Ng5 Qd7 12. Nxd6+ cxd6 13. f4 f6 14. f5 Nf4 15. Bxf4 exf4 16. Ne6 g3 17. Qg4 g5 18. fxg6 1-0

[Event "GER-ch Net blitz qual5"]
[Site "Playchess.com INT"]
[Date "2020.03.28"]
[Round "8"]
[White "Lu, Trung Cang"]
[Black "Morgenstern, Tobias"]
[Result "1-0"]
[WhiteElo "1819"]
[BlackElo "1971"]
[PlyCount "49"]
[EventDate "2020.03.28"]
[EventType "swiss (blitz)"]
[EventRounds "13"]
[EventCountry "GER"]
[SourceTitle "CBM 195 Extra"]
[Source "ChessBase"]
[SourceDate "2020.05.31"]
[SourceVersion "1"]
[SourceVersionDate "2020.05.31"]
[SourceQuality "1"]

1. e4 e5 2. Nf3 Nc6 3. d4 exd4 4. Bc4 Bc5 5. c3 Nf6 6. e5 d5 7. Bb5 Ne4 8. cxd4 Bb6 9. Nc3 0-0 10. Be3 f6 11. Qb3 Nxc3 12. Bxc6 bxc6 13. Qxc3 Bg4 14. exf6 Qxf6 15. Ne5 Qe6 16. Rc1 Rf6 17. 0-0 Re8 18. a4 c5 19. Nxg4 cxd4 20. Nxf6+ Qxf6 21. Bxd4 Bxd4 22. Qxc7 Be5 23. Qd7 Rf8 24. Rc8 Qf4 25. Qxd5+ 1-0

[Event "GER-ch Net blitz qual5"]
[Site "Playchess.com INT"]
[Date "2020.03.28"]
[Round "10"]
[White "Morgenstern, Tobias"]
[Black "Agrest, Inna"]
[Result "0-1"]
[WhiteElo "1971"]
[BlackElo "2260"]
[PlyCount "46"]
[EventDate "2020.03.28"]
[EventType "swiss (blitz)"]
[EventRounds "13"]
[EventCountry "GER"]
[SourceTitle "CBM 195 Extra"]
[Source "ChessBase"]
[SourceDate "2020.05.31"]
[SourceVersion "1"]
[SourceVersionDate "2020.05.31"]
[SourceQuality "1"]

1. e4 e5 2. Nf3 Nc6 3. Bb5 a6 4. Ba4 Nf6 5. 0-0 b5 6. Bb3 Bc5 7. Nxe5 Nxe5 8. d4 Bxd4 9. Qxd4 d6 10. Bg5 h6 11. Bh4 c5 12. Bxf6 Qxf6 13. Qd5 Rb8 14. f4 Ng4 15. Qd3 c4 16. Bxc4 bxc4 17. Qxc4 0-0 18. Qe2 Qxb2 19. Nd2 Qxc2 20. Rfc1 Qa4 21. Rxc8 Rbxc8 22. Qxg4 Qd4+ 23. Kh1 Qxa1+ 0-1

[Event "GER-ch Net blitz qual3"]
[Site "Playchess.com INT"]
[Date "2020.03.21"]
[Round "5"]
[White "Baltic, Fatih"]
[Black "Morgenstern, Tobias"]
[Result "0-1"]
[WhiteElo "2262"]
[BlackElo "1971"]
[PlyCount "104"]
[EventDate "2020.03.21"]
[EventType "swiss (blitz)"]
[EventRounds "9"]
[EventCountry "GER"]
[SourceTitle "CBM 195 Extra"]
[Source "ChessBase"]
[SourceDate "2020.05.31"]
[SourceVersion "1"]
[SourceVersionDate "2020.05.31"]
[SourceQuality "1"]

1. Nf3 Nf6 2. g3 g6 3. Bg2 Bg7 4. 0-0 0-0 5. c4 c5 6. Nc3 Nc6 7. e3 d5 8. cxd5 Nxd5 9. Nxd5 Qxd5 10. Nd4 Qd6 11. Nxc6 bxc6 12. d3 Rb8 13. Qc2 Ba6 14. Rd1 Rfd8 15. Bf1 c4 16. d4 c5 17. d5 e6 18. e4 Bd4 19. Bf4 Rxb2 20. Bxd6 Rxc2 21. Bc7 Rd7 22. d6 Rxf2 23. Rxd4 Rxf1+ 24. Kxf1 cxd4 25. Ke1 Kg7 26. Rd1 e5 27. Kd2 Kf6 28. Rf1+ Ke6 29. Re1 f5 30. h4 Bb7 31. exf5+ gxf5 32. a4 e4 33. a5 c3+ 34. Kc2 Ba6 35. Rg1 Rxd6 36. Bxd6 Kxd6 37. Rb1 Bd3+ 38. Kc1 Bxb1 39. Kxb1 d3 40. Kc1 e3 41. Kd1 e2+ 42. Ke1 c2 43. Kd2 c1Q+ 44. Kxc1 e1Q+ 45. Kb2 Qd2+ 46. Kb3 Qc2+ 47. Kb4 Qc5+ 48. Kb3 d2 49. a6 d1Q+ 50. Kb2 Qdc1+ 51. Kb3 Qb1+ 52. Ka4 Qcb4# 0-1

[Event "GER-ch Net blitz qual3"]
[Site "Playchess.com INT"]
[Date "2020.03.21"]
[Round "6"]
[White "Kleeschaetzky, Rainer"]
[Black "Morgenstern, Tobias"]
[Result "1/2-1/2"]
[WhiteElo "2293"]
[BlackElo "1971"]
[PlyCount "123"]
[EventDate "2020.03.21"]
[EventType "swiss (blitz)"]
[EventRounds "9"]
[EventCountry "GER"]
[SourceTitle "CBM 195 Extra"]
[Source "ChessBase"]
[SourceDate "2020.05.31"]
[SourceVersion "1"]
[SourceVersionDate "2020.05.31"]
[SourceQuality "1"]

1. e4 e5 2. Nf3 Nc6 3. c3 Nf6 4. d4 exd4 5. e5 Nd5 6. Bb5 d6 7. cxd4 Bd7 8. Bc4 Nb6 9. Be2 dxe5 10. dxe5 Be7 11. 0-0 0-0 12. Nc3 Bf5 13. Bf4 Qxd1 14. Rfxd1 Rfd8 15. h3 Rxd1+ 16. Rxd1 Rd8 17. Rxd8+ Bxd8 18. g4 Bg6 19. h4 h5 20. g5 a6 21. Kf1 Nb4 22. Nd4 N6d5 23. Nxd5 Nxd5 24. Bd2 Be7 25. f4 Bc5 26. Nb3 Be3 27. Bf3 Bxd2 28. Nxd2 Nxf4 29. Bxb7 a5 30. b3 Nd3 31. Nc4 a4 32. bxa4 Nc5 33. Bd5 Nxa4 34. Nd2 Nc3 35. Bb3 Kf8 36. a4 Ke7 37. Kf2 Ne4+ 38. Nxe4 Bxe4 39. Ke3 Bb7 40. Kd4 f6 41. exf6+ gxf6 42. g6 Kf8 43. Bd1 Kg7 44. Bxh5 Bc6 45. a5 Bb7 46. Ke3 Kh6 47. Be2 Kxg6 48. Kf4 f5 49. a6 Bxa6 50. Bxa6 Kh7 51. Kg5 c5 52. Bd3 Kh8 53. Kxf5 c4 54. Bxc4 Kh7 55. Kg5 Kh8 56. h5 Kh7 57. h6 Kh8 58. Bd3 Kg8 59. Bg6 Kh8 60. Kf6 Kg8 61. Ke6 Kh8 62. Kf7 1/2-1/2

[Event "GER-ch Net blitz qual3"]
[Site "Playchess.com INT"]
[Date "2020.03.21"]
[Round "7"]
[White "Morgenstern, Tobias"]
[Black "Hansch, Karsten"]
[Result "0-1"]
[WhiteElo "1971"]
[BlackElo "2300"]
[PlyCount "102"]
[EventDate "2020.03.21"]
[EventType "swiss (blitz)"]
[EventRounds "9"]
[EventCountry "GER"]
[SourceTitle "CBM 195 Extra"]
[Source "ChessBase"]
[SourceDate "2020.05.31"]
[SourceVersion "1"]
[SourceVersionDate "2020.05.31"]
[SourceQuality "1"]

1. e4 c6 2. c4 d5 3. cxd5 cxd5 4. exd5 Nf6 5. Qa4+ Bd7 6. Qb3 g6 7. Qxb7 Qc8 8. Qxc8+ Bxc8 9. Nc3 Bb7 10. Bc4 Nbd7 11. Nf3 Nb6 12. Bb3 Bg7 13. 0-0 0-0 14. Re1 Nfxd5 15. d4 e6 16. Bg5 Rfc8 17. Rac1 Nb4 18. Re3 Bxf3 19. Rxf3 Bxd4 20. a3 N4d5 21. Nxd5 Rxc1+ 22. Bxc1 Nxd5 23. Bxd5 exd5 24. Rd3 Rc8 25. Rd1 Rc2 26. Be3 Bxb2 27. Rxd5 Bxa3 28. g3 Rc7 29. Ra5 Bb4 30. Rxa7 Rxa7 31. Bxa7 h5 32. Be3 Kg7 33. h4 Kf6 34. Kg2 Kf5 35. Kf3 Bd6 36. Kg2 Ke4 37. Bg5 Be5 38. f3+ Kd3 39. g4 Ke2 40. gxh5 gxh5 41. f4 Bd4 42. f5 Bf2 43. f6 Be1 44. Kh3 Kf3 45. Kh2 Kg4 46. Kg2 Bxh4 47. Bxh4 Kxh4 48. Kf3 Kg5 49. Kg3 Kxf6 50. Kf4 Kg6 51. Kg3 f5 0-1

[Event "GER-ch Net blitz qual2"]
[Site "Playchess.com INT"]
[Date "2020.03.16"]
[Round "3"]
[White "Baskin, Robert"]
[Black "Morgenstern, Tobias"]
[Result "0-1"]
[WhiteElo "2385"]
[BlackElo "1971"]
[PlyCount "88"]
[EventDate "2020.03.16"]
[EventType "swiss (blitz)"]
[EventRounds "9"]
[EventCountry "GER"]
[SourceTitle "CBM 195 Extra"]
[Source "ChessBase"]
[SourceDate "2020.05.31"]
[SourceVersion "1"]
[SourceVersionDate "2020.05.31"]
[SourceQuality "1"]

1. e4 e5 2. Nf3 Nc6 3. Bb5 a6 4. Ba4 Nf6 5. 0-0 Be7 6. Re1 b5 7. Bb3 d6 8. c3 0-0 9. h3 Na5 10. Bc2 c5 11. d4 Qc7 12. d5 Nc4 13. a4 Bd7 14. b3 Na5 15. Nbd2 bxa4 16. bxa4 h6 17. Nf1 Rab8 18. g4 Nh7 19. Ng3 Bf6 20. Kh2 c4 21. Be3 Ng5 22. Nh5 Nxf3+ 23. Qxf3 Be7 24. Rg1 Bg5 25. h4 Bxe3 26. Qxe3 Qb6 27. Qg3 f6 28. Raf1 Be8 29. Bd1 Qd8 30. f4 Qe7 31. g5 fxg5 32. fxg5 Rxf1 33. Rxf1 hxg5 34. hxg5 Bg6 35. Nf6+ gxf6 36. gxf6 Rb2+ 37. Kg1 Qa7+ 38. Kh1 Qh7+ 39. Kg1 Nb3 40. Bg4 Nd2 41. f7+ Kf8 42. Bf5 Nxf1 43. Qxg6 Qh2+ 44. Kxf1 Qf2# 0-1

[Event "GER-ch Net blitz qual2"]
[Site "Playchess.com INT"]
[Date "2020.03.16"]
[Round "4"]
[White "Morgenstern, Tobias"]
[Black "Eilenberg, Jonas"]
[Result "0-1"]
[WhiteElo "1971"]
[BlackElo "2137"]
[PlyCount "110"]
[EventDate "2020.03.16"]
[EventType "swiss (blitz)"]
[EventRounds "9"]
[EventCountry "GER"]
[SourceTitle "CBM 195 Extra"]
[Source "ChessBase"]
[SourceDate "2020.05.31"]
[SourceVersion "1"]
[SourceVersionDate "2020.05.31"]
[SourceQuality "1"]

1. e4 e6 2. d4 d5 3. Nd2 a6 4. Ngf3 Nf6 5. e5 Nfd7 6. Bd3 c5 7. c3 Nc6 8. 0-0 g5 9. Nb3 g4 10. Ng5 c4 11. Bxh7 cxb3 12. Nxe6 Qb6 13. Ng5 Ne7 14. e6 fxe6 15. Qxg4 Nf6 16. Qf3 e5 17. dxe5 Nxh7 18. Qf7+ Kd8 19. Nxh7 Bh6 20. Bg5 Bxg5 21. Nxg5 Qh6 22. Qf4 Be6 23. h4 Nf5 24. axb3 Nxh4 25. f3 Kc7 26. Qf6 Kd7 27. Nxe6 Qxf6 28. Nc5+ Kc6 29. exf6 Kxc5 30. g3 Rag8 31. Kf2 Nf5 32. g4 Rh2+ 33. Kg1 Rxb2 34. f7 Rf8 35. b4+ Kc4 36. gxf5 Rxf7 37. Ra5 Kxc3 38. Rc5+ Kxb4 39. Rxd5 Rg7+ 40. Kh1 b5 41. Re1 Kc4 42. Rde5 Rf7 43. Kg1 Kb3 44. Kf1 Rc2 45. Ra1 Rf6 46. Rb1+ Rb2 47. Rbe1 b4 48. R1e3+ Ka4 49. Re1 Rc6 50. Re6 Rc3 51. R1e2 Rxe2 52. Kxe2 a5 53. f6 Rc7 54. Rb6 b3 55. Kd3 Ka3 0-1

[Event "GER-chT U14"]
[Site "Magdeburg"]
[Date "2019.12.30"]
[Round "7.2"]
[White "Morgenstern, Tobias"]
[Black "Beck, Felix"]
[Result "1/2-1/2"]
[WhiteElo "1943"]
[BlackElo "1508"]
[PlyCount "62"]
[EventDate "2019.12.27"]
[EventType "team-swiss"]
[EventRounds "7"]
[EventCountry "GER"]
[SourceTitle "CBM 194 Extra"]
[Source "ChessBase"]
[SourceDate "2020.03.31"]
[SourceVersion "1"]
[SourceVersionDate "2020.03.31"]
[SourceQuality "1"]
[WhiteTeam "Magdeburg Schachzwerge"]
[BlackTeam "Berlin Nord Ost"]
[WhiteTeamCountry "GER"]
[BlackTeamCountry "GER"]

1. e4 c6 2. d4 d5 3. Nd2 dxe4 4. Nxe4 Bf5 5. Ng3 Bg6 6. Nf3 Nd7 7. Bc4 e6 8. 0-0 Ngf6 9. Nh4 Be7 10. Nxg6 hxg6 11. Re1 Nd5 12. Ne4 Qc7 13. g3 N7f6 14. Qf3 Nxe4 15. Rxe4 Bf6 16. Qb3 Rd8 17. Bf1 Qb6 18. Qxb6 Nxb6 19. c3 Be7 20. a4 c5 21. Be3 Nd5 22. Bb5+ Kf8 23. dxc5 Nxe3 24. Rxe3 Bxc5 25. Rd3 Rxd3 26. Bxd3 Ke7 27. Be4 b6 28. Rd1 Rd8 29. Rxd8 Kxd8 30. Kf1 Ke7 31. Ke2 a5 1/2-1/2

[Event "GER-chT U14"]
[Site "Magdeburg"]
[Date "2019.12.29"]
[Round "5.2"]
[White "Morgenstern, Tobias"]
[Black "Kogan, Gabriel"]
[Result "1-0"]
[WhiteElo "1943"]
[BlackElo "1527"]
[PlyCount "77"]
[EventDate "2019.12.27"]
[EventType "team-swiss"]
[EventRounds "7"]
[EventCountry "GER"]
[SourceTitle "CBM 194 Extra"]
[Source "ChessBase"]
[SourceDate "2020.03.31"]
[SourceVersion "1"]
[SourceVersionDate "2020.03.31"]
[SourceQuality "1"]
[WhiteTeam "Magdeburg Schachzwerge"]
[BlackTeam "Porz SG"]
[WhiteTeamCountry "GER"]
[BlackTeamCountry "GER"]

1. e4 e5 2. Nf3 Nc6 3. Bb5 Bc5 4. c3 Nf6 5. d3 d6 6. Nbd2 0-0 7. 0-0 a6 8. Ba4 Ba7 9. h3 Ne7 10. Re1 Ng6 11. Nf1 b5 12. Bc2 Re8 13. Ng3 h6 14. Nh2 Bd7 15. Qf3 Nh4 16. Qe2 Qc8 17. Nh5 Qd8 18. Nxf6+ Qxf6 19. Be3 Qg6 20. g4 Qf6 21. Bxa7 Rxa7 22. Qe3 Raa8 23. Qg3 Ng6 24. Nf1 Nf4 25. Ne3 h5 26. Ng2 hxg4 27. hxg4 Qg5 28. f3 Nxg2 29. Kxg2 Re6 30. Qf2 Rf6 31. Qe3 Rf4 32. Re2 Rf8 33. Bb3 g6 34. Rh1 Bxg4 35. fxg4 Qxg4+ 36. Kh2 Qh5+ 37. Kg1 Qg5+ 38. Rg2 Rf1+ 39. Kxf1 1-0

[Event "GER-chT U14"]
[Site "Magdeburg"]
[Date "2019.12.28"]
[Round "3.2"]
[White "Morgenstern, Tobias"]
[Black "Frank, Marek"]
[Result "1-0"]
[WhiteElo "1943"]
[BlackElo "1430"]
[PlyCount "127"]
[EventDate "2019.12.27"]
[EventType "team-swiss"]
[EventRounds "7"]
[EventCountry "GER"]
[SourceTitle "CBM 194 Extra"]
[Source "ChessBase"]
[SourceDate "2020.03.31"]
[SourceVersion "1"]
[SourceVersionDate "2020.03.31"]
[SourceQuality "1"]
[WhiteTeam "Magdeburg Schachzwerge"]
[BlackTeam "Gera"]
[WhiteTeamCountry "GER"]
[BlackTeamCountry "GER"]

1. e4 c5 2. Nf3 d6 3. d4 cxd4 4. Nxd4 Nf6 5. Nc3 a6 6. Qf3 e5 7. Nf5 Nc6 8. Be3 g6 9. Nh6 Bxh6 10. Bxh6 Nd4 11. Qd3 Ng4 12. Bd2 Qh4 13. Nd1 Bd7 14. c3 Bb5 15. Qb1 Bxf1 16. Kxf1 Ne6 17. h3 Nf6 18. f3 Nh5 19. Be1 Qg5 20. Qc1 Ng3+ 21. Bxg3 Qxg3 22. Ne3 0-0 23. Nd5 f5 24. Qe1 Qxe1+ 25. Rxe1 Nc5 26. exf5 gxf5 27. Rd1 Rad8 28. Ke2 Kf7 29. g4 Ke6 30. Rhg1 fxg4 31. hxg4 e4 32. fxe4 Nxe4 33. Ke3 Ng5 34. Rh1 Rf3+ 35. Ke2 Rdf8 36. Ne3 Rf2+ 37. Ke1 Rxb2 38. Rh6+ Ke7 39. Nf5+ Ke8 40. Nxd6+ Ke7 41. Nf5+ Ke8 42. Rd5 Rg8 43. Rhd6 Rg6 44. Re5+ Re6 45. Rdxe6+ Nxe6 46. Rxe6+ Kf8 47. Re2 Rb5 48. Kf2 h5 49. Nd4 Ra5 50. g5 Kf7 51. Nf3 Rc5 52. Ne5+ Kg7 53. c4 b5 54. cxb5 axb5 55. Kg3 Rc1 56. Kf4 Rc3 57. Kf5 b4 58. Rh2 Ra3 59. Rb2 Ra5 60. Rxb4 Rxa2 61. Rb7+ Kf8 62. g6 h4 63. g7+ Kg8 64. Ng4 1-0

[Event "Wch U14"]
[Site "Porto Carras"]
[Date "2018.10.20"]
[Round "1"]
[White "Morgenstern, Tobias"]
[Black "Krastev, Alexander"]
[Result "0-1"]
[WhiteElo "1876"]
[BlackElo "2298"]
[PlyCount "58"]
[EventDate "2018.10.20"]
[EventType "swiss"]
[EventRounds "11"]
[EventCountry "GRE"]
[SourceTitle "CBM 187 Extra"]
[Source "ChessBase"]
[SourceDate "2018.11.04"]
[SourceVersion "1"]
[SourceVersionDate "2018.11.04"]
[SourceQuality "1"]

1. e4 e5 2. Nf3 Nc6 3. Bc4 Nf6 4. d3 Be7 5. 0-0 0-0 6. Re1 d6 7. a4 h6 8. a5 a6 9. c3 Nh7 10. Nbd2 Ng5 11. h3 Be6 12. Qb3 Qd7 13. d4 Bxc4 14. Qxc4 Bf6 15. b4 exd4 16. cxd4 Rfe8 17. Bb2 Nxf3+ 18. Nxf3 Rxe4 19. Rxe4 d5 20. Qb3 dxe4 21. Ne5 Bxe5 22. dxe5 Rd8 23. Qg3 Qd3 24. Qg4 Qc2 25. Ba3 Nxe5 26. Qg3 f6 27. Rc1 Rd1+ 28. Rxd1 Qxd1+ 29. Kh2 Qd3 0-1

[Event "GER-ch U14"]
[Site "Willingen"]
[Date "2018.05.26"]
[Round "9"]
[White "Morgenstern, Tobias"]
[Black "Breitzmann, Sander"]
[Result "1-0"]
[WhiteElo "1719"]
[BlackElo "1852"]
[PlyCount "69"]
[EventDate "2018.05.19"]
[EventType "swiss"]
[EventRounds "9"]
[EventCountry "GER"]
[SourceTitle "CBM 184 Extra"]
[Source "ChessBase"]
[SourceDate "2018.06.28"]
[SourceVersion "1"]
[SourceVersionDate "2018.06.28"]
[SourceQuality "1"]

1. e4 e5 2. Nf3 Nc6 3. Bb5 a6 4. Ba4 Nf6 5. d3 b5 6. Bb3 Be7 7. c3 d6 8. Nbd2 Na5 9. Bc2 c5 10. Nf1 0-0 11. Ng3 Re8 12. 0-0 Bf8 13. h3 g6 14. Nh2 Bg7 15. f4 Bb7 16. f5 d5 17. Qf3 Qb6 18. Kh1 Rf8 19. Bg5 d4 20. Ng4 Nxg4 21. Qxg4 h6 22. Be7 Rfe8 23. f6 Bc8 24. Qh4 g5 25. Qh5 Bd7 26. b4 cxb4 27. cxb4 Nb7 28. Bb3 Be6 29. Nf5 Rxe7 30. Nxe7+ Kf8 31. fxg7+ Kxe7 32. Rxf7+ Bxf7 33. Qxf7+ Kd6 34. Qe6+ Kc7 35. Rc1+ 1-0